A szennyvíz kibocsátás szabályai egy nyírbátori példán keresztül

Elmentve itt :
Bibliográfiai részletek
Szerző: Zentai Anna
További közreműködők: Miklós László (Témavezető)
Dokumentumtípus: Szakdolgozat
Megjelent: 2004
Tárgyszavak:
Online Access:http://diploma.bibl.u-szeged.hu/28462
LEADER 00576nta a2200157 i 4500
001 dipl28462
005 20130314085638.0
008 110822s2004 hu om 0|| zxx d
040 |a SZTE Diploma Repozitórium  |b hun 
041 |a zxx 
100 1 |a Zentai Anna 
245 1 2 |a A szennyvíz kibocsátás szabályai egy nyírbátori példán keresztül  |h [elektronikus dokumentum] /  |c Anna Zentai 
260 |c 2004 
650 4 |a Jogi és igazgatási tanulmányok 
700 1 |a Miklós László  |e ths 
856 4 0 |u http://diploma.bibl.u-szeged.hu/id/eprint/28462/1/2004_zentai_anna.pdf  |z Dokumentum-elérés